000 00448pab a2200169 454500
008 180718b2014 xxu||||| |||| 00| 0 eng d
100 _aMisra, P.K.
245 _aPlace of food gathering and hunting peoples in Indian society and their transformation
260 _c2014
300 _ap.275-302.
362 _aJul-Dec
650 _aHunting - India
650 _aHunting
773 _aEastern Anthropologist
908 _aN
909 _a106806
999 _c106801
_d106801